古代饰品分类 Classification of ancient Chinese jewelry - Statistics

General Stats
  • This quiz has been taken 14 times
  • The average score is 10 of 16
Answer Stats
Question Answer % Correct
臂饰
100%
发饰
100%
发饰
100%
发饰
92%
指饰
85%
耳饰
85%
长命锁 颈饰
85%
腰饰
77%
腰饰
69%
耳饰
54%
腰饰
46%
耳饰
31%
璎珞 颈饰
31%
发饰
31%
臂饰
31%
指饰
23%
No matching quizzes found
Score Distribution
Percent of People with Each Score
Percentile by Number Answered
Your Score History
You have not taken this quiz